परिश्रम नाटक -संग्रह / (Record no. 200697)

MARC details
000 -LEADER
fixed length control field 01086nam a22002057a 4500
005 - DATE AND TIME OF LATEST TRANSACTION
control field 20240306112959.0
010 ## - LCCN (DPL NO)
LC control number B-757596-598
020 ## - INTERNATIONAL STANDARD BOOK NUMBER
International Standard Book Number 9789381932059
Terms of availability 500.00
035 ## - SYSTEM CONTROL NUMBER
System control number B-757596-598
037 ## - SOURCE OF ACQUISITION
Source of stock number/acquisition एस. पी . कौशिक
082 ## - DEWEY DECIMAL CLASSIFICATION NUMBER
Classification number 808
100 ## - MAIN ENTRY--PERSONAL NAME
Personal name वर्मा, हरिशरण
245 ## - TITLE STATEMENT
Title परिश्रम नाटक -संग्रह /
Statement of responsibility, etc हरिशरण वर्मा
260 ## - PUBLICATION, DISTRIBUTION, ETC. (IMPRINT)
Place of publication, distribution, etc दिल्ली
Name of publisher, distributor, etc एस. पी . कौशिक
Date of publication, distribution, etc 2023
270 ## - ADDRESS
Address ए-49, भू-तल , गली नं. 6, जगतपुरी एक्सटेंशन ,
City दिल्ली
Postal code 110093
300 ## - PHYSICAL DESCRIPTION
Extent 160पृ..
Dimensions 22सेमी (सजिल्द)
490 ## - SERIES STATEMENT
Volume number/sequential designation भाग 1
942 ## - ADDED ENTRY ELEMENTS (KOHA)
Source of classification or shelving scheme Dewey Decimal Classification
Item type Hindi Books
Classification part 808
Call number suffix वर्माह
Holdings
Withdrawn status Lost status Not for loan Collection code Home library Current library Date acquired Source of acquisition Cost, normal purchase price Full call number Barcode Copy number Cost, replacement price Koha item type
      Fiction Central Library Central Library 06/03/2024 एस. पी . कौशिक /2638/11.1.24/93/9.1.24/16.1.24 500.00 808 वर्माह B-757596 1 500.00 Hindi Books
      Fiction Patel Nagar Patel Nagar 06/03/2024 एस. पी . कौशिक /2638/11.1.24/93/9.1.24/16.1.24 500.00 808 वर्माह B-757597 1 500.00 Hindi Books
      Fiction Shahdara Branch Shahdara Branch 06/03/2024 एस. पी . कौशिक /2638/11.1.24/93/9.1.24/16.1.24 500.00 808 वर्माह B-757598 1 500.00 Hindi Books

© Delhi Public Library
Hit Counter
free hit counter